Historia de la literatura inglesa /

Guardado en:
Autor Principal: Entwislte, William J
Otros Autores: Gillett, Eric
Formato: Libro
Publicado: México : Fondo de Cultura Económica, 1965
Edición:2a. ed.
Series:Breviarios, 106
Materias:
Etiquetas: Agregar Etiqueta
Sin Etiquetas, Sea el primero en etiquetar este registro!
LEADER 00674nam a22002175a 4500
001 CEM.cems002269
005 20060216000000.0
008 130507s1965##################000#0#####d
003 CEMS
082 0 4 |a 820.09 
100 1 |a Entwislte, William J 
245 1 0 |a Historia de la literatura inglesa /  |c William J Entwislte 
250 |a 2a. ed. 
260 |a México :  |b Fondo de Cultura Económica,  |c 1965 
300 |a 496 p. 
490 0 |a Breviarios, 106 
505 0 |a De los or¡genes a la actualidad (500 a. c. a 1960).- 
653 |a Literatura 
653 |a Literatura inglesa-historia 
700 1 |a Gillett, Eric 
859 |a CEMS  |b BIB. CEMS - 11 de abril  |h 820.09  |i En87a2  |p 4862.76  |t Ej.1